| 000 | 00417nam a2200169Ia 4500 | ||
|---|---|---|---|
| 008 | 180921t1977 xxu||||| |||| 00| 0 eng d | ||
| 041 | _aeng | ||
| 080 |
_a599 _bBUR |
||
| 100 | _aBurton, Jane | ||
| 245 | _aSmall animals | ||
| 260 |
_bColour library international _aEngland _c1977 |
||
| 300 | _a64p., ill., 28 cm | ||
| 650 | _aZoology | ||
| 942 | _cBK | ||
| 999 |
_c16994 _d16994 |
||
| 003 | LK-CoDNM | ||
| 040 |
_aLK-CoDNM _dLK-CoDNM _eLK-CoDNM |
||